100 Najczęściej zgadywanych miast w Polsce - Statystyki

Ogólne statystyki
  • Ten quiz został rozwiązany 591 razy
    425 od ostatniego zresetowania
  • Średni wynik to 61 z 100
Statystyki odpowiedzi
% Miasta % Poprawnych
87 Warszawa
100%
80 Kraków
99%
82 Gdańsk
96%
74 Wrocław
95%
79 Gdynia
93%
70 Łódź
93%
74 Poznań
93%
71 Lublin
91%
73 Szczecin
91%
71 Katowice
90%
67 Białystok
88%
65 Bydgoszcz
87%
64 Toruń
87%
59 Rzeszów
85%
69 Sopot
85%
60 Olsztyn
83%
59 Zielona Góra
83%
59 Kielce
81%
57 Częstochowa
80%
62 Opole
80%
56 Radom
79%
65 Zakopane
79%
51 Gorzów Wielkopolski
78%
48 Gliwice
75%
57 Koło
75%
48 Tarnów
74%
49 Elbląg
71%
46 Sosnowiec
71%
47 Suwałki
71%
42 Zabrze
71%
50 Koszalin
70%
41 Ełk
69%
46 Kołobrzeg
68%
46 Lubin
68%
45 Płock
68%
47 Bielsko-Biała
66%
40 Kalisz
66%
36 Wałbrzych
65%
39 Włocławek
65%
42 Jelenia góra
64%
41 Chorzów
63%
44 Bytom
62%
37 Inowrocław
62%
38 Legnica
62%
38 Przemyśl
62%
41 Gniezno
61%
41 Konin
61%
64 Hel
60%
40 Nowy Sącz
60%
42 Piła
58%
40 Słupsk
58%
50 Świnoujście
58%
39 Zamość
58%
35 Piotrków Trybunalski
57%
37 Tychy
56%
34 Dąbrowa Górnicza
55%
34 Rybnik
55%
38 Chełm
54%
33 Grudziądz
54%
34 Krosno
53%
39 Malbork
53%
38 Pruszków
51%
30 Ruda Sląska
51%
28 Tarnobrzeg
51%
31 Leszno
50%
33 Łomża
50%
30 Mielec
50%
31 Nowy Targ
50%
35 Sandomierz
50%
31 Siedlce
49%
39 Biała
48%
38 Brzeg
47%
30 Stargard
47%
33 Augustów
46%
26 Ostrołęka
45%
30 Oświęcim
45%
26 Skierniewice
45%
27 Tczew
45%
43 Władysławowo
45%
31 Bełchatów
43%
33 Biała Podlaska
43%
35 Ustka
43%
27 Piaseczno
42%
33 Wieliczka
42%
28 Żywiec
42%
28 Głogów
41%
34 Łeba
41%
26 Sanok
41%
31 Wejherowo
41%
30 Jawor
40%
28 Cieszyn
39%
28 Kłodzko
37%
29 Iława
36%
26 Tomaszów Mazowiecki
36%
27 Szczecinek
35%
29 Wisła
35%
29 Mielno
34%
26 Ciechanów
32%
26 Międzyzdroje
31%
31 Jastarnia
28%
Nie znaleziono quizów pasujących do podanych kryteriów
Rozkład punktacji
Procent ludzi z każdym wynikiem
Percentyl według liczby udzielonych odpowiedzi
Twoja historia wyników
Nie rozwiązałeś tego quizu od ostatniego zresetowania